Sustainability charter (Record no. 108541)

MARC details
000 -LEADER
fixed length control field 00817cad a22002055a 4500
001 - CONTROL NUMBER
control field L144552
008 - FIXED-LENGTH DATA ELEMENTS--GENERAL INFORMATION
fixed length control field 080728s2008 xxkad f s 000 0 eng d
035 ## - SYSTEM CONTROL NUMBER
System control number (Sirsi) u144552
041 0# - LANGUAGE CODE
Language code of text/sound track or separate title eng
050 04 - LIBRARY OF CONGRESS CALL NUMBER
Classification number 711.552 $2 18
110 2# - MAIN ENTRY--CORPORATE NAME
Corporate name or jurisdiction name as entry element BCSC Research
9 (RLIN) 5297
245 00 - TITLE STATEMENT
Title Sustainability charter
Medium [electronic resource]
260 ## - PUBLICATION, DISTRIBUTION, ETC.
Place of publication, distribution, etc. London
Name of publisher, distributor, etc. BCSC
Date of publication, distribution, etc. 2008
520 ## - SUMMARY, ETC.
Summary, etc. This charter outlines the basic aims and what needs to be done by retail property stakeholders to improve the sustainability of retail real estate. Covers four key issues: energy; waste; community; water.
590 ## - LOCAL NOTE (RLIN)
Local note KA
651 #4 - SUBJECT ADDED ENTRY--GEOGRAPHIC NAME
Geographic name United Kingdom
Chronological subdivision
690 ## - LOCAL SUBJECT ADDED ENTRY--TOPICAL TERM (OCLC, RLIN)
Topical term or geographic name as entry element BUILT ENVIRONMENT-SUSTAINABLE CONSTRUCTION
856 40 - ELECTRONIC LOCATION AND ACCESS
Uniform Resource Identifier <a href="www.bcsc.org.uk/research/sustainability/charter.asp">www.bcsc.org.uk/research/sustainability/charter.asp</a>
Public note View the report free of charge at www.bcsc.org.uk...
942 ## - ADDED ENTRY ELEMENTS (KOHA)
Suppress in OPAC 0
Holdings
Withdrawn status Lost status Source of classification or shelving scheme Damaged status Not for loan Home library Current library Shelving location Date acquired Total Checkouts Full call number Barcode Date last seen Copy number Price effective from Koha item type
    Dewey Decimal Classification     Virtual Virtual Online 28/07/2008   ONLINE PUBLICATION 144552-2001 06/08/2019 1 06/08/2019 Book